000 01234nam a22002537a 4500
005 20170124103116.0
010 _aB-082799
020 _c200.00
_a8188266221
035 _aB-082799
037 _bCen Lib/Ret
040 _aDPL
_bHN
082 _a820.8
_bप्रकाश
100 _aप्रकाश मनु
_981014
245 _aदेवेद्र सत्यार्थी :
_cप्रकाश मनु
_bएक भव्य लोक्यात्री /
246 _aDevendra Satyarthi : ek bhavya lokyatri /
_bby Prakash Manu
260 _aनयी दिल्ली
_bप्रतिभा प्रतिष्ठान
_c2004
270 _bनयी दिल्ली
_a1661 दाख्नीराए, स्ट्रीट, नेताजी सुभाष मार्ग
_e110002
300 _a187पृ.
_c20सेमी(सजिल्द )
650 _aसाहित्य--कविता
_x
_z
_981015
650 _aहिन्दी--कविता--देवेद्र सत्यार्थी
_979173
650 _aLiterature--Poetry
_981016
650 _aHindi - Poetry--Devedra Satyarthy
_981017
942 _2ddc
_cHN
_h820.8
_mप्रकाश
999 _c118590
_d118590